La musculación racional: bases para un entrenamiento organizado
Gespeichert in:
| 1. Verfasser: | |
|---|---|
| Format: | Buch |
| Sprache: | Spanisch |
| Veröffentlicht: |
Barcelona
Paidotribo
2007
|
| Ausgabe: | 1a. ed |
| Schlagworte: | |
| Tags: |
Tag hinzufügen
Keine Tags, Fügen Sie den ersten Tag hinzu!
|
MARC
| LEADER | 00000nam a2200000 a 4500 | ||
|---|---|---|---|
| 001 | UCG3387 | ||
| 003 | CL-VaPUC | ||
| 008 | 100826e20070000SP |||||||||||||||||spa|d | ||
| 020 | |a 9788480199698 | ||
| 082 | 0 | 4 | |a 613.71 |b CHI |2 21 |
| 100 | 0 | |a Chiesa, Luiz Carlos |e author |9 552481 | |
| 245 | 1 | 3 | |a La musculación racional: bases para un entrenamiento organizado |
| 250 | |a 1a. ed | ||
| 300 | |a 227 p | ||
| 942 | |c BK | ||
| 945 | |d 20100826 00:00:00 |a mfarfan | ||
| 260 | |a Barcelona |b Paidotribo |c 2007 | ||
| 650 | 7 | |a ENTRENAMIENTO FISICO |2 CL-VaPUC |9 307393 | |
| 650 | 0 | |a Actividad física |9 362156 | |
| 650 | 0 | |a Músculos |9 269552 | |
| 650 | 7 | |a MUSCULACION |2 CL-VaPUC |9 552260 | |
| 583 | |a last modification |c 20100826 00:00:00 |k Rodrigo Vera | ||
| 999 | |c 342455 |d 342453 | ||
| 952 | |0 0 |1 0 |4 0 |6 613_710000000000000_CHI_2007 |7 0 |8 C |9 438651 |a BIBCUR |b BIBCUR |d 2019-11-22 |i 4712692 |l 1 |o 613.71 CHI 2007 |p 4712692 |r 2025-04-22 |s 2022-04-26 |w 2019-11-22 |y BK |k DEN | ||